Statistics for Arctic Monkeys - Jet Skis on the Moat (Lyrics)

Click here to take the quiz!

General Stats

  • This quiz has been taken 8 times
  • The average score is 87 of 164

Answer Stats

Answer% Correct
on
100%
the
100%
a
86%
it
86%
Jet
86%
moat
86%
skis
86%
all
71%
in
71%
that
71%
They
71%
You
71%
you
71%
your
71%
Your
71%
and
57%
are
57%
As
57%
Cinema
57%
Is
57%
it's
57%
last
57%
Scope
57%
shot
57%
So
57%
there
57%
time
57%
alright
43%
Come
43%
deciding
43%
dries?
43%
for
43%
give
43%
here
43%
hug
43%
job
43%
just
43%
know
43%
let
43%
Lights
43%
mind
43%
much
43%
not
43%
Or
43%
out
43%
over,
43%
over
43%
paint
43%
Park
43%
something
43%
though
43%
to
43%
watch
43%
while
43%
Wonder
43%
you're
43%
anonymous
29%
boy
29%
buddy
29%
cloak
29%
cry
29%
Didn't
29%
enough
29%
gonna
29%
happy
29%
if
29%
long
29%
lover
29%
mark
29%
night
29%
off
29%
one
29%
pants
29%
Pyjama
29%
quick
29%
recognise
29%
ride
29%
saw
29%
Showstoppers
29%
sit
29%
slide
29%
smoke
29%
Subbuteo
29%
sunshine
29%
supposed
29%
That's
29%
through
29%
toothed
29%
wanna
29%
was
29%
When
29%

Score Distribution

Percentile by Number Answered

Percent of People with Each Score

Your Score History

You have not taken this quiz